000
00230 a2200097 4500
001
14016
100
_a
Rossetti C
245
_a
A choice of christian rossetti's verse
260
_a
London
_b
Faber & Faber
_c
090
_c
10973
_d
10973
942
_a
NUST-CAE
_c
M
_c
1084
999
_c
249089
_d
249089